Ο καιρός του καθενός : μυθιστόρημα /

Λεπτομέρειες βιβλιογραφικής εγγραφής
Κύριος συγγραφέας: Νόλλας, Δημήτρης Αθ., 1940- (συγγραφέας)
Μορφή: Βιβλίο
Γλώσσα:Greek
Έκδοση: Αθήνα : Καστανιώτης, 2010.
LEADER 00832nam a22002057i 4500
003 GR-PaULI
005 20210117210351.0
008 170424s2010 gr ||||f |||| 000 0 gre d
020 |a 9789600350982 
040 |a GR-PaULI  |b gre  |c GR-PaULI  |e AACR2 
041 0 |a gre 
082 0 4 |2 23  |a 889.334 
100 1 |9 79014  |a Νόλλας, Δημήτρης Αθ.,  |d 1940-  |e συγγραφέας 
245 1 2 |a Ο καιρός του καθενός :  |b μυθιστόρημα /  |c Δημήτρης Νόλλας. 
260 |a Αθήνα :  |b Καστανιώτης,  |c 2010. 
300 |a 105 σ. ;  |c 21 εκ. 
942 |2 ddc  |c BK15 
952 |0 0  |1 0  |2 ddc  |4 0  |6 889_334000000000000_ΝΟΛ  |7 0  |9 211622  |a LISP  |b LISP  |c DON  |d 2017-04-24  |e ΒΑΛ  |i 129073  |l 0  |o 889.334 ΝΟΛ  |p 025000247763  |r 2017-04-24 00:00:00  |t 1  |y BK15 
998 |c ΒΑΣΙΛΕΙΟΥ  |d 2017-04 
999 |c 128801  |d 128801